| 000 | 00505nam a2200181Ia 4500 | ||
|---|---|---|---|
| 001 | 18399 | ||
| 005 | 20260306171628.0 | ||
| 008 | 260306s9999||||xx |||||||||||||| ||und|| | ||
| 041 | _aESP | ||
| 082 |
_a658.4038011 _bA174 |
||
| 100 |
_aArjonilla Domínguez, Sixto Jesús _eAUT |
||
| 245 | 0 |
_aLa gestión de los sistemas de información en la empresa: _bteoría y casos prácticos |
|
| 260 | _c2011 | ||
| 300 |
_a419 páginas : _c24 cm. |
||
| 650 | _aGEN | ||
| 654 | _aCAN | ||
| 942 |
_cLIB _dJUS _fJUS _2ddc _n |
||
| 999 |
_c18399 _d18399 |
||